Online Catalogue and eLibrary

Dhanathmaka kanthawa isurumath (Record no. 5216)

MARC details
000 -LEADER
fixed length control field 00409nam a2200157Ia 4500
005 - DATE AND TIME OF LATEST TRANSACTION
control field 20250606025034.0
008 - FIXED-LENGTH DATA ELEMENTS--GENERAL INFORMATION
fixed length control field 240331s9999 xx 000 0 und d
020 ## - INTERNATIONAL STANDARD BOOK NUMBER
ISBN 9789559662884
082 ## - DDC Classification
Item Number - Author Mark SUM
Class No. 305
100 ## - MAIN ENTRY--PERSONAL NAME
Personal name Sumanasekara,M
245 #0 - TITLE STATEMENT
Title Dhanathmaka kanthawa isurumath
260 ## - PUBLICATION, DISTRIBUTION, ETC.
Place of publication, distribution, etc. Nugegoda
Name of publisher, distributor, etc. Deepani Publishers
Date of publication, distribution, etc. 2007
300 ## - PHYSICAL DESCRIPTION
Extent (e.g. Volumes, Pages etc.) 130 p .,
500 ## - GENERAL NOTE
General note A book about positive thinking
942 ## - Koha item type (Biblio)
Koha item type Books in Stacks (Lending)
Holdings
Lost status Damaged status Collection code Home library Current library Shelving location Date acquired Full call number Accession Number Item type
    Lending WERC Library WERC Library Social Science Cupboard 03/31/2024 305 SUM 6187 Books in Stacks (Lending)

© WERC Library